| 000 | 00690nam a2200193 4500 | ||
|---|---|---|---|
| 008 | 010517s1997 us 0 engYA | ||
| 020 | _a0830815821 | ||
| 090 |
_aBS680 _bEs1b |
||
| 245 | 1 | 0 |
_aEschatology in Bible and theology : _bevangelical essays at the dawn of a new millenium / _cedited by Kent E. Brower and Mark W. Elliot |
| 260 |
_aIllinois : _bIVPress, _cc1997. |
||
| 300 | _a341 p. | ||
| 504 | _aIncludes bibliographical references. | ||
| 650 | 4 |
_aEschatology _xBiblical teaching _xCongresses |
|
| 650 | 4 |
_aEschatology _xHistory of doctrines _xCongresses |
|
| 700 | 1 | _aBrower, Kent E. | |
| 700 | 1 | _aElliot, Mark W. | |
| 740 | 0 | 2 | _aEschatology in Bible and theology |
| 950 | 0 | _24.99 | |
| 999 |
_c1384 _d1384 |
||